[Event "IX American Continental Classical Championship 201"]
[Site "Hotel Pipa AtlÃ¢ntico - Praia da Pipa - Rio Grande"]
[Date "2014.10.23"]
[Round "8"]
[Board "20"]
[White "Santos, Anderson Guerra Dos"]
[Black "Pichot, Alan"]
[Result "0-1"]
[WhiteElo "2119"]
[BlackElo "2473"]
[PlyCount "68"]
[EventDate "2014.10.18"]
[EventRounds "11"]
[EventCountry "BRA"]

1. e4 c5 2. Nf3 e6 3. d4 cxd4 4. Nxd4 a6 5. Bd3 Qc7 6. O-O Nf6 7. Qe2 d6 8. c4
g6 9. Nc3 Bg7 10. Be3 O-O 11. f4 Nbd7 12. Kh1 b6 13. Rad1 Bb7 14. Nb3 Rac8 15.
Nd2 Rfe8 16. Bb1 Nc5 17. Bd4 Ncd7 18. Be3 Nh5 19. Rc1 Qb8 20. Qf2 f5 21. exf5
exf5 22. Bd4 Ndf6 23. h3 Bh6 24. Qh4 Bg7 25. Bd3 Qa8 26. Nf3 Ne4 27. Kh2 Neg3
28. Rf2 Bxf3 29. Bxg7 Re3 30. Bf1 Kxg7 31. Rxf3 Rxf3 32. Qe7+ Kh8 33. gxf3 Qxf3
34. Bg2 Qxf4 0-1

[Event "IX American Continental Classical Championship 201"]
[Site "Hotel Pipa AtlÃ¢ntico - Praia da Pipa - Rio Grande"]
[Date "2014.10.23"]
[Round "8"]
[Board "21"]
[White "Henriquez Villagra, Cristobal"]
[Black "Sega, Carlos Alberto"]
[Result "1-0"]
[WhiteElo "2470"]
[BlackElo "2218"]
[PlyCount "137"]
[EventDate "2014.10.18"]
[EventRounds "11"]
[EventCountry "BRA"]

1. e4 e5 2. Nc3 Nf6 3. g3 d5 4. exd5 Nxd5 5. Bg2 Nxc3 6. bxc3 Bd6 7. d3 O-O 8.
Nf3 c5 9. O-O Nc6 10. Bd2 h6 11. Re1 Bg4 12. h3 Be6 13. c4 Qd7 14. Kh2 Rae8 15.
Bc3 Qc7 16. Rb1 b6 17. Nd2 Nd4 18. Bb2 Qd7 19. Ne4 f5 20. Nxd6 Qxd6 21. c3 Nc6
22. Qf3 e4 23. dxe4 Ne5 24. Qh5 Bf7 25. Qd1 Qxd1 26. Rbxd1 Nxc4 27. Bc1 Bh5 28.
Rd5 Bg6 29. e5 Bf7 30. f4 Be6 31. Rdd1 Rd8 32. Bf3 Kf7 33. g4 g6 34. Kg3 Rxd1
35. Rxd1 Ke7 36. Be2 Na5 37. a3 Bc4 38. Bf3 Be6 39. h4 Nc4 40. h5 gxh5 41. gxf5
Rg8+ 42. Kf2 Bxf5 43. Bxh5 Rd8 44. Rxd8 Kxd8 45. Bf7 b5 46. Kg3 Ke7 47. Bd5 a5
48. Kh4 Be6 49. Bxc4 bxc4 50. Kh5 Bf5 51. Kxh6 Kf7 52. Be3 a4 53. Bxc5 Bh3 54.
Kg5 Ke6 55. Kg6 Bf5+ 56. Kg7 Bg4 57. Bf2 Bf5 58. Bd4 Ke7 59. Bc5+ Ke6 60. Kf8
Bg6 61. Bd4 Bh5 62. f5+ Kxf5 63. Ke7 Ke4 64. Kd6 Kd3 65. Kc5 Bf7 66. Kb4 Be8
67. e6 Bc6 68. e7 Be8 69. Bb6 1-0

[Event "IX American Continental Classical Championship 201"]
[Site "Hotel Pipa AtlÃ¢ntico - Praia da Pipa - Rio Grande"]
[Date "2014.10.23"]
[Round "8"]
[Board "22"]
[White "Paveto, Kevin"]
[Black "Feliciano Ebert, Vanessa"]
[Result "1-0"]
[WhiteElo "2426"]
[BlackElo "2252"]
[PlyCount "69"]
[EventDate "2014.10.18"]
[EventRounds "11"]
[EventCountry "BRA"]

1. e4 c5 2. Nf3 Nc6 3. d4 cxd4 4. Nxd4 Nf6 5. Nc3 e5 6. Ndb5 d6 7. Bg5 a6 8.
Na3 b5 9. Nd5 Be7 10. Bxf6 Bxf6 11. c4 b4 12. Nc2 O-O 13. g3 Bg5 14. Bg2 Be6
15. O-O a5 16. b3 Bh6 17. Qd3 Qb8 18. f4 f6 19. Kh1 Rd8 20. Nde3 Qb6 21. Rad1
Rac8 22. Nf5 Bxf5 23. exf5 Qc5 24. Bd5+ Kh8 25. Qe4 Ne7 26. Ne3 Nc6 27. Be6 Rb8
28. Rd5 Qa7 29. Ng4 Nd4 30. c5 Qa6 31. Rd1 dxc5 32. fxe5 Nxe6 33. fxe6 Rxd5 34.
Qxd5 Re8 35. exf6 1-0

[Event "IX American Continental Classical Championship 201"]
[Site "Hotel Pipa AtlÃ¢ntico - Praia da Pipa - Rio Grande"]
[Date "2014.10.23"]
[Round "8"]
[Board "23"]
[White "Leiva, Giuseppe"]
[Black "Herman, Diego"]
[Result "1-0"]
[WhiteElo "2409"]
[BlackElo "2198"]
[PlyCount "77"]
[EventDate "2014.10.18"]
[EventRounds "11"]
[EventCountry "BRA"]

1. d4 e6 2. Nf3 b5 3. e4 Bb7 4. Bxb5 Bxe4 5. O-O Nf6 6. c4 Be7 7. Qe2 O-O 8.
Rd1 Qc8 9. Nc3 Qb7 10. Nxe4 Qxe4 11. Be3 Ng4 12. Ba4 Nxe3 13. fxe3 c5 14. Bc2
Qb7 15. Rab1 d6 16. Qd3 f5 17. e4 Nd7 18. d5 e5 19. exf5 Qc8 20. Rf1 Qe8 21.
Ba4 Rd8 22. Nd2 Qh5 23. Bxd7 Rxd7 24. Rf3 Rb7 25. b3 Rb6 26. Rbf1 Bf6 27. Ne4
Ra6 28. R1f2 Bh4 29. g3 Bf6 30. Kg2 Qh6 31. g4 Qc1 32. g5 Bd8 33. h4 Qa1 34.
Qc2 Qd4 35. Re2 h6 36. a4 hxg5 37. hxg5 Rb6 38. Re1 Bxg5 39. Rd1 1-0

[Event "IX American Continental Classical Championship 201"]
[Site "Hotel Pipa AtlÃ¢ntico - Praia da Pipa - Rio Grande"]
[Date "2014.10.23"]
[Round "8"]
[Board "24"]
[White "Roselli Mailhe, Bernardo"]
[Black "Tapia Fuentes, Jaime"]
[Result "1-0"]
[WhiteElo "2404"]
[BlackElo "2208"]
[PlyCount "75"]
[EventDate "2014.10.18"]
[EventRounds "11"]
[EventCountry "BRA"]

1. d4 Nf6 2. c4 g6 3. Nc3 d5 4. Nf3 Bg7 5. Bf4 O-O 6. Rc1 dxc4 7. e4 c5 8. dxc5
Qa5 9. e5 Nh5 10. Be3 Nc6 11. Bxc4 Nxe5 12. Nxe5 Bxe5 13. O-O Nf6 14. h3 Bd7
15. Bd4 Qc7 16. Re1 Bxd4 17. Qxd4 Bc6 18. b4 Rfd8 19. Qe3 e6 20. Rcd1 a6 21.
Rd4 Rd7 22. Rxd7 Nxd7 23. a4 Rc8 24. Ba2 Nf6 25. Qd4 Qd8 26. Qe5 Qe7 27. Rd1
Be8 28. Rd6 a5 29. b5 Nd7 30. Nd5 Qh4 31. Rxd7 exd5 32. Re7 Qe4 33. Bxd5 Qxe5
34. Rxe5 Kf8 35. Bxb7 Rd8 36. Rd5 Ke7 37. Rxd8 Kxd8 38. b6 1-0

[Event "IX American Continental Classical Championship 201"]
[Site "Hotel Pipa AtlÃ¢ntico - Praia da Pipa - Rio Grande"]
[Date "2014.10.23"]
[Round "8"]
[Board "25"]
[White "Abdalla, Luiz Guilherme Aurell"]
[Black "Souza, Rafael Cabral De"]
[Result "1-0"]
[WhiteElo "2302"]
[BlackElo "2138"]
[PlyCount "61"]
[EventDate "2014.10.18"]
[EventRounds "11"]
[EventCountry "BRA"]

1. d4 Nf6 2. c4 g6 3. Nc3 d5 4. cxd5 Nxd5 5. e4 Nxc3 6. bxc3 Bg7 7. Be3 c5 8.
Qd2 Qa5 9. Rc1 Nc6 10. d5 Ne5 11. h3 Qa4 12. c4 b5 13. cxb5 Qxe4 14. f4 Bh6 15.
Kf2 Nd7 16. Nf3 Bb7 17. Bc4 O-O 18. Rhe1 Nb6 19. Bxc5 Nxc4 20. Qc3 Qxf4 21.
Qxc4 Qxc4 22. Rxc4 Bxd5 23. Ra4 Rfb8 24. Nd4 Bg7 25. Rxe7 Bf8 26. Rc7 Bg7 27.
Raxa7 Rxa7 28. Bxa7 Rd8 29. a4 Be5 30. Re7 Bd6 31. Re2 1-0

[Event "IX American Continental Classical Championship 201"]
[Site "Hotel Pipa AtlÃ¢ntico - Praia da Pipa - Rio Grande"]
[Date "2014.10.23"]
[Round "8"]
[Board "26"]
[White "Macedo, Maximo Valerio"]
[Black "Cuellar, Diego"]
[Result "0-1"]
[WhiteElo "2085"]
[BlackElo "2302"]
[PlyCount "54"]
[EventDate "2014.10.18"]
[EventRounds "11"]
[EventCountry "BRA"]

1. f4 c5 2. Nf3 Nc6 3. g3 g6 4. Bg2 Bg7 5. O-O d6 6. c3 e5 7. d3 Nge7 8. e4 O-O
9. Na3 b6 10. Nc4 Rb8 11. Ne3 f5 12. Nd5 h6 13. fxe5 Nxd5 14. exd5 Nxe5 15.
Nxe5 dxe5 16. c4 Bd7 17. Bd2 h5 18. Bc3 h4 19. Qe1 hxg3 20. Qxg3 Qf6 21. Rae1
Rbe8 22. Rf2 g5 23. Rfe2 f4 24. Qf2 Qd6 25. Be4 Rf7 26. Qg2 Bf6 27. Bf3 g4 0-1

[Event "IX American Continental Classical Championship 201"]
[Site "Hotel Pipa AtlÃ¢ntico - Praia da Pipa - Rio Grande"]
[Date "2014.10.23"]
[Round "8"]
[Board "27"]
[White "Sztokbant, Bernardo Vainzoff"]
[Black "Luz, Arthur Nader"]
[Result "0-1"]
[WhiteElo "2271"]
[BlackElo "1885"]
[PlyCount "64"]
[EventDate "2014.10.18"]
[EventRounds "11"]
[EventCountry "BRA"]

1. e4 e6 2. d4 d5 3. e5 c5 4. c3 Nc6 5. Nf3 Qb6 6. Bd3 cxd4 7. cxd4 Bd7 8. O-O
Nxd4 9. Nxd4 Qxd4 10. Nc3 Qb6 11. Kh1 a6 12. f4 Ne7 13. Qe2 Nc6 14. Bd2 Nb4 15.
Bb1 d4 16. Qf2 Bc6 17. Ne4 Nd5 18. f5 O-O-O 19. Bd3 Ne3 20. Rfc1 Kb8 21. fxe6
fxe6 22. Qe2 Rd5 23. Ng5 Be7 24. Nf3 Rdd8 25. Re1 Rhf8 26. Bxe3 dxe3 27. Rad1
g5 28. Qxe3 Qxe3 29. Rxe3 Bc5 30. Rde1 Bxe3 31. Rxe3 g4 32. Nd2 Rf2 0-1

[Event "IX American Continental Classical Championship 201"]
[Site "Hotel Pipa AtlÃ¢ntico - Praia da Pipa - Rio Grande"]
[Date "2014.10.23"]
[Round "8"]
[Board "28"]
[White "Macedo, Maximo Iack"]
[Black "Cortes Orihuela, Javier"]
[Result "1/2-1/2"]
[WhiteElo "2336"]
[BlackElo "2156"]
[PlyCount "57"]
[EventDate "2014.10.18"]
[EventRounds "11"]
[EventCountry "BRA"]

1. d4 Nf6 2. Nf3 g6 3. Bf4 Bg7 4. e3 O-O 5. h3 c5 6. c3 b6 7. Nbd2 Bb7 8. Be2
d5 9. O-O Nbd7 10. a4 a6 11. Ne5 Nxe5 12. Bxe5 Nd7 13. Bxg7 Kxg7 14. f4 e6 15.
Qe1 Qe7 16. Qg3 Rae8 17. Rae1 Nf6 18. Bd3 Kh8 19. Qg5 Ng8 20. Qxe7 Nxe7 21. g4
c4 22. Bc2 f5 23. Nf3 Nc6 24. Kf2 Bc8 25. Rg1 Bd7 26. Ra1 Ra8 27. gxf5 gxf5 28.
Ra2 Ra7 29. Bd1 1/2-1/2

[Event "IX American Continental Classical Championship 201"]
[Site "Hotel Pipa AtlÃ¢ntico - Praia da Pipa - Rio Grande"]
[Date "2014.10.23"]
[Round "8"]
[Board "29"]
[White "Jodorcovsky Werjivker, Paulo"]
[Black "Pereira, Silvio Cunha"]
[Result "1/2-1/2"]
[WhiteElo "2170"]
[BlackElo "2335"]
[PlyCount "153"]
[EventDate "2014.10.18"]
[EventRounds "11"]
[EventCountry "BRA"]

1. d4 f5 2. Nc3 Nf6 3. Bg5 g6 4. Bxf6 exf6 5. e3 d5 6. Bd3 Be6 7. Qf3 c6 8. h3
Qa5 9. a3 Nd7 10. g4 fxg4 11. hxg4 O-O-O 12. Nge2 Bd6 13. b4 Qc7 14. Na4 Rdf8
15. Nc5 Bxc5 16. bxc5 Ne5 17. dxe5 fxe5 18. Qg3 Qa5+ 19. c3 e4 20. Bc2 Qxc5 21.
g5 Bd7 22. Qe5 Bg4 23. Qd4 Qe7 24. Qxa7 Bxe2 25. Kxe2 Qxg5 26. Rhf1 Qh5+ 27.
Ke1 Qe5 28. Qa5 g5 29. Rb1 Kb8 30. Qb4 Qc7 31. Bd1 h5 32. Be2 Rf7 33. Qd4 Rhf8
34. Rb2 g4 35. Qb6 Qe5 36. Kd2 Qe6 37. Rfb1 Qd7 38. Rb4 Qc7 39. Qa6 Kc8 40.
Qa8+ Qb8 41. Qa6 bxa6 42. Rxb8+ Kc7 43. R1b7+ Kd6 44. Rxf8 Rxb7 45. Rh8 Rb2+
46. Ke1 Ra2 47. Bxa6 Ra1+ 48. Ke2 Rxa3 49. Bc8 Ra2+ 50. Kf1 g3 51. fxg3 Ra1+
52. Ke2 Ra2+ 53. Kd1 Ra1+ 54. Kc2 Ra2+ 55. Kb3 Re2 56. Rxh5 Rxe3 57. Rh6+ Kc7
58. Bf5 Rxg3 59. Kb4 Rg5 60. Rf6 Rg8 61. c4 dxc4 62. Bxe4 c3 63. Rxc6+ Kd7 64.
Rc4 Kd6 65. Bc2 Kd5 66. Rc7 Ke5 67. Rc6 Rg3 68. Rc8 Kd4 69. Rd8+ Ke5 70. Bd3 c2
71. Bxc2 Rg4+ 72. Kc3 Rg2 73. Re8+ Kf4 74. Re4+ Kf3 75. Re1 Rg7 76. Kd2 Rd7+
77. Kc3 {resto ilegÃ­vel} 1/2-1/2

[Event "IX American Continental Classical Championship 201"]
[Site "Hotel Pipa AtlÃ¢ntico - Praia da Pipa - Rio Grande"]
[Date "2014.10.23"]
[Round "8"]
[Board "30"]
[White "Caceres Leal, Jaime"]
[Black "Llorens Sepulveda, Marcelo"]
[Result "0-1"]
[WhiteElo "2157"]
[BlackElo "2275"]
[PlyCount "62"]
[EventDate "2014.10.18"]
[EventRounds "11"]
[EventCountry "BRA"]

1. d4 Nf6 2. Nf3 c5 3. e3 g6 4. b3 Bg7 5. Bb2 O-O 6. Be2 b6 7. O-O Bb7 8. c4 e6
9. dxc5 bxc5 10. Nc3 d5 11. Na4 Nbd7 12. Rc1 Rc8 13. Qc2 Qc7 14. Qb1 d4 15.
exd4 cxd4 16. Nxd4 Qf4 17. Bf3 Bxf3 18. Nxf3 e5 19. Rcd1 e4 20. Bc1 Qc7 21. Nd4
Ng4 22. g3 Rfe8 23. h3 Nxf2 24. Rxf2 Qxg3+ 25. Rg2 Qxh3 26. Bf4 Ne5 27. Rf1
Nf3+ 28. Nxf3 exf3 29. Rg3 Bd4+ 30. Rf2 Bxf2+ 31. Kxf2 Qh2+ 0-1

[Event "IX American Continental Classical Championship 201"]
[Site "Hotel Pipa AtlÃ¢ntico - Praia da Pipa - Rio Grande"]
[Date "2014.10.23"]
[Round "8"]
[Board "31"]
[White "Zallio, Luciano De Souza"]
[Black "Brito, Luismar"]
[Result "0-1"]
[WhiteElo "2150"]
[BlackElo "2261"]
[PlyCount "70"]
[EventDate "2014.10.18"]
[EventRounds "11"]
[EventCountry "BRA"]

1. e4 c5 2. Nf3 d6 3. d4 cxd4 4. Nxd4 Nf6 5. Nc3 a6 6. Bg5 e6 7. f4 h6 8. Bh4
Qb6 9. Qd2 Qxb2 10. Rb1 Qa3 11. f5 Nc6 12. fxe6 fxe6 13. Nxc6 bxc6 14. e5 dxe5
15. Bxf6 gxf6 16. Ne4 Be7 17. Be2 h5 18. O-O f5 19. Rb3 Qa4 20. Nf2 Bd7 21. Rd3
Rd8 22. Rd1 c5 23. c4 Qc6 24. Nh3 Qc7 25. Qc3 Rh7 26. Rg3 h4 27. Rg8+ Kf7 28.
Rxd8 Bxd8 29. Qd2 Ke8 30. Ng5 Rh8 31. Bf3 Bf6 32. Kh1 e4 33. Bxe4 fxe4 34. Nxe4
Rf8 35. Rf1 Qe5 0-1

[Event "IX American Continental Classical Championship 201"]
[Site "Hotel Pipa AtlÃ¢ntico - Praia da Pipa - Rio Grande"]
[Date "2014.10.23"]
[Round "8"]
[Board "32"]
[White "Caceres Vasquez, Sergio"]
[Black "Terao, Juliana Sayumi"]
[Result "1/2-1/2"]
[WhiteElo "2138"]
[BlackElo "2229"]
[PlyCount "128"]
[EventDate "2014.10.18"]
[EventRounds "11"]
[EventCountry "BRA"]

1. d4 Nf6 2. c4 g6 3. Nc3 d5 4. cxd5 Nxd5 5. e4 Nxc3 6. bxc3 Bg7 7. Be3 c5 8.
Qd2 Qa5 9. Nf3 Nc6 10. Rc1 Bg4 11. d5 Bxf3 12. gxf3 Ne5 13. Be2 O-O 14. f4 Nd7
15. c4 Qc7 16. h4 Rfe8 17. h5 Rad8 18. hxg6 fxg6 19. Bg4 Nf8 20. f5 e6 21. fxg6
exd5 22. gxh7+ Kh8 23. exd5 Qe5 24. Be2 Ne6 25. f4 Qe4 26. Kf2 Nd4 27. Rhg1 Bf6
28. Rg8+ Rxg8 29. hxg8=Q+ Rxg8 30. Rg1 Bh4+ 31. Kf1 Re8 32. Bxd4+ cxd4 33. Rg2
Qb1+ 34. Bd1 Re1+ 35. Qxe1 Bxe1 36. Kxe1 Qb4+ 37. Rd2 Qxc4 38. Bb3 Qb4 39. Ke2
a5 40. Rc2 Kg7 41. Kd3 b5 42. Rc7+ Kf6 43. Rc6+ Kf5 44. d6 Qe1 45. Kxd4 Kxf4
46. Kc5 Qe5+ 47. Kb6 a4 48. Bf7 b4 49. d7 Qb8+ 50. Kc5 Ke5 51. Be8 b3 52. axb3
axb3 53. Rc8 Qd6+ 54. Kc4 b2 55. Rc5+ Ke6 56. Rb5 Qc6+ 57. Kd4 Qxb5 58. d8=Q
Qe5+ 59. Kc4 b1=Q 60. Qd7+ Kf6 61. Qf7+ Kg5 62. Qh5+ Kf4 63. Qh2+ Kf5 64. Bg6+
Kxg6 1/2-1/2

[Event "IX American Continental Classical Championship 201"]
[Site "Hotel Pipa AtlÃ¢ntico - Praia da Pipa - Rio Grande"]
[Date "2014.10.23"]
[Round "8"]
[Board "33"]
[White "Teixeira, Ricardo Da Silva"]
[Black "Martinez, Ayelen"]
[Result "1-0"]
[WhiteElo "2220"]
[BlackElo "2120"]
[PlyCount "83"]
[EventDate "2014.10.18"]
[EventRounds "11"]
[EventCountry "BRA"]

1. d4 Nf6 2. c4 g6 3. Nc3 Bg7 4. e4 d6 5. Nf3 O-O 6. Be2 e5 7. O-O c6 8. Re1
exd4 9. Nxd4 Re8 10. Bf1 Nbd7 11. Nc2 Nc5 12. f3 Ne6 13. Be3 Nh5 14. Qd2 Qh4
15. Qf2 Qe7 16. Rad1 Nef4 17. g4 Bf6 18. gxh5 Bh4 19. Bxf4 Bxf2+ 20. Kxf2 Qh4+
21. Bg3 Qxh5 22. Rxd6 Be6 23. Red1 Qc5+ 24. Kg2 Bxc4 25. Bxc4 Qxc4 26. R1d2 Qc5
27. h4 Qb6 28. Na3 Rad8 29. Nc4 Rxd6 30. Nxd6 Re6 31. e5 h6 32. Nde4 Kg7 33.
Nf6 Qa5 34. Nce4 Re7 35. b4 Qb6 36. Bf2 Qc7 37. Bc5 Re6 38. f4 b6 39. Bd4 c5
40. bxc5 bxc5 41. Bc3 g5 42. f5 1-0

[Event "IX American Continental Classical Championship 201"]
[Site "Hotel Pipa AtlÃ¢ntico - Praia da Pipa - Rio Grande"]
[Date "2014.10.23"]
[Round "8"]
[Board "34"]
[White "Fernandez, Maria Florencia"]
[Black "Rezende, Guilherme Vilela"]
[Result "1/2-1/2"]
[WhiteElo "2218"]
[BlackElo "2110"]
[PlyCount "113"]
[EventDate "2014.10.18"]
[EventRounds "11"]
[EventCountry "BRA"]

1. d4 Nf6 2. c4 e6 3. Nc3 Bb4 4. f3 d5 5. a3 Bxc3+ 6. bxc3 O-O 7. e3 Nbd7 8.
cxd5 exd5 9. Bd3 Re8 10. Ne2 Nf8 11. Qc2 c5 12. Qa2 c4 13. Bb1 Ng6 14. O-O Bd7
15. Ng3 h5 16. Re1 h4 17. Nf5 Bxf5 18. Bxf5 Nf4 19. Qf2 Nd3 20. Bxd3 cxd3 21.
Qxh4 Rc8 22. Bd2 Qa5 23. Qf2 Rc4 24. Reb1 Qa6 25. Qf1 Ra4 26. Rb3 Rc8 27. Qb1
b6 28. Qe1 Re8 29. Qg3 Qc4 30. Rb4 Qa6 31. Rxa4 Qxa4 32. Qe1 Re6 33. Qb1 Qa6
34. a4 Ne8 35. Qb3 Nd6 36. Qxd5 Nc4 37. Qd8+ Kh7 38. Qh4+ Kg8 39. Qd8+ Kh7 40.
Qh4+ Kg8 41. Qf2 f5 42. Ra2 Qc8 43. Qf1 Qe8 44. Qxd3 Nxd2 45. Rxd2 Rxe3 46.
Qc4+ Kh8 47. Kf2 Re1 48. Re2 Rxe2+ 49. Qxe2 Qxa4 50. d5 Qh4+ 51. Kg1 Qf6 52.
Qe8+ Kh7 53. Qc8 Qe5 54. Kf2 f4 55. Kf1 Qe3 56. d6 Qc1+ 57. Ke2 1/2-1/2

[Event "IX American Continental Classical Championship 201"]
[Site "Hotel Pipa AtlÃ¢ntico - Praia da Pipa - Rio Grande"]
[Date "2014.10.23"]
[Round "8"]
[Board "35"]
[White "Palacio, Igor Da Paz"]
[Black "Cruz, William Ferreira Da"]
[Result "0-1"]
[WhiteElo "2130"]
[BlackElo "2217"]
[PlyCount "76"]
[EventDate "2014.10.18"]
[EventRounds "11"]
[EventCountry "BRA"]

1. c4 Nf6 2. Nf3 g6 3. g3 Bg7 4. Bg2 O-O 5. O-O d6 6. Nc3 e5 7. d3 Nc6 8. Rb1
a5 9. a3 h6 10. b4 axb4 11. axb4 Be6 12. b5 Ne7 13. e4 Nh7 14. Bd2 f5 15. Ne1
f4 16. g4 Qd7 17. f3 h5 18. h3 hxg4 19. hxg4 Bf6 20. Nc2 Kg7 21. Ra1 Rab8 22.
Nb4 Rh8 23. Be1 Ng5 24. Rf2 Rh7 25. Kf1 Rh2 26. Ne2 Ng8 27. Ng1 Nh6 28. Rfa2
Nxg4 29. fxg4 Bxg4 30. Bf3 Bxf3 31. Rxh2 Bxd1 32. Rxd1 c6 33. b6 Ra8 34. Rb1
Ra3 35. Ke2 Qg4+ 36. Kf1 Nf3 37. Rg2 Qh5 38. Nxc6 Nh2+ 0-1

[Event "IX American Continental Classical Championship 201"]
[Site "Hotel Pipa AtlÃ¢ntico - Praia da Pipa - Rio Grande"]
[Date "2014.10.23"]
[Round "8"]
[Board "36"]
[White "Caetano, Hugo Zanotti Mendonca"]
[Black "Azevedo Junior, Jose Ferreira"]
[Result "0-1"]
[WhiteElo "2209"]
[BlackElo "2088"]
[PlyCount "82"]
[EventDate "2014.10.18"]
[EventRounds "11"]
[EventCountry "BRA"]

1. d4 d5 2. c4 e6 3. Nc3 Nf6 4. Bg5 Be7 5. e3 a6 6. cxd5 exd5 7. Nf3 c6 8. Qc2
h6 9. Bh4 Be6 10. Bd3 Nbd7 11. O-O O-O 12. Rfe1 Ne8 13. Bxe7 Qxe7 14. e4 dxe4
15. Bxe4 Nef6 16. Bd3 Rfe8 17. h3 Qb4 18. a3 Qd6 19. Rad1 Rad8 20. Ne5 c5 21.
Nxd7 Bxd7 22. Rxe8+ Rxe8 23. d5 b5 24. Ne4 Nxe4 25. Bxe4 c4 26. Bf3 Re5 27. Qc3
Kf8 28. a4 Bf5 29. axb5 axb5 30. Ra1 Be4 31. Ra8+ Ke7 32. Ra6 Qxd5 33. Qa3+ Ke8
34. Bxe4 Rxe4 35. Ra8+ Kd7 36. Qa7+ Ke6 37. Re8+ Kf6 38. Rxe4 Qxe4 39. Qb6+ Qe6
40. Qxb5 Qe1+ 41. Kh2 Qe5+ 0-1

[Event "IX American Continental Classical Championship 201"]
[Site "Hotel Pipa AtlÃ¢ntico - Praia da Pipa - Rio Grande"]
[Date "2014.10.23"]
[Round "8"]
[Board "37"]
[White "Souza, Marcos Valerio A."]
[Black "Mesias Rojas, Rabindranath"]
[Result "0-1"]
[WhiteElo "2117"]
[BlackElo "2209"]
[PlyCount "88"]
[EventDate "2014.10.18"]
[EventRounds "11"]
[EventCountry "BRA"]

1. d4 Nf6 2. Nf3 c5 3. g3 cxd4 4. Nxd4 g6 5. Bg2 Bg7 6. O-O O-O 7. c4 Nc6 8.
Nc3 a6 9. h3 Qa5 10. Be3 d6 11. Nxc6 bxc6 12. Bd4 Rb8 13. Na4 Qh5 14. e4 c5 15.
Bc3 Bd7 16. b3 Qxd1 17. Rfxd1 Bxa4 18. bxa4 Nd7 19. Bxg7 Kxg7 20. Rab1 Rxb1 21.
Rxb1 Rb8 22. Rxb8 Nxb8 23. e5 a5 24. exd6 exd6 25. f4 Nd7 26. Bc6 Nb6 27. Bb5
Kf6 28. Kf2 Ke6 29. Ke3 d5 30. cxd5+ Kxd5 31. Be8 Nc4+ 32. Kd3 Nd6 33. Bd7 c4+
34. Kc2 Kd4 35. Bc6 h5 36. g4 hxg4 37. hxg4 f5 38. gxf5 gxf5 39. Bd7 Ke4 40.
Kc3 Kxf4 41. Kd4 Kg5 42. Be6 f4 43. a3 Kh4 44. Bd5 Kg3 0-1

[Event "IX American Continental Classical Championship 201"]
[Site "Hotel Pipa AtlÃ¢ntico - Praia da Pipa - Rio Grande"]
[Date "2014.10.23"]
[Round "8"]
[Board "38"]
[White "Hernandez Riera, Jose"]
[Black "Fiaes, Mario Henrique Andrade"]
[Result "1/2-1/2"]
[WhiteElo "2203"]
[BlackElo "2070"]
[PlyCount "125"]
[EventDate "2014.10.18"]
[EventRounds "11"]
[EventCountry "BRA"]

1. d4 Nf6 2. Nf3 e6 3. g3 Be7 4. Bg2 O-O 5. O-O d5 6. c4 c6 7. b3 b6 8. Ne5
Nfd7 9. Nxd7 Nxd7 10. Bb2 Ba6 11. Nd2 Rc8 12. e4 Bb4 13. Rc1 Nf6 14. e5 Nd7 15.
Re1 Qe7 16. a3 Bxd2 17. Qxd2 Rfd8 18. Qe3 Nb8 19. f4 Bb7 20. c5 bxc5 21. dxc5
Na6 22. Qd4 Nc7 23. a4 Rb8 24. g4 Ba6 25. Re3 Rb7 26. Rcc3 Rdb8 27. Ba3 Qh4 28.
Bf3 Rxb3 29. Rc1 Bc4 30. Kg2 Qd8 31. Rxb3 Bxb3 32. Be2 Ba2 33. Rc2 Bb1 34. Rb2
Be4+ 35. Kg3 Qc8 36. h4 Rb7 37. Kf2 Qb8 38. Rxb7 Qxb7 39. Bb4 Ne8 40. h5 h6 41.
g5 Kh7 42. Kg3 g6 43. hxg6+ fxg6 44. gxh6 Kxh6 45. f5 exf5 46. e6 Qg7 47. Bc3
g5 48. Qxg7+ Nxg7 49. e7 f4+ 50. Kf2 Bg6 51. Ba5 Ne6 52. Bb6 Kg7 53. Bxa7 Kf7
54. Bb6 Kxe7 55. a5 Kd7 56. a6 Kc8 57. Bg4 Bf7 58. Bd8 Kb8 59. Bxe6 Bxe6 60.
Bxg5 Ka7 61. Bxf4 Kxa6 62. Ke3 Kb5 63. Kd4 1/2-1/2

[Event "IX American Continental Classical Championship 201"]
[Site "Hotel Pipa AtlÃ¢ntico - Praia da Pipa - Rio Grande"]
[Date "2014.10.23"]
[Round "8"]
[Board "39"]
[White "Silveira Filho, Neri Da Silva"]
[Black "Daneri, Martin"]
[Result "1/2-1/2"]
[WhiteElo "2200"]
[BlackElo "2099"]
[PlyCount "28"]
[EventDate "2014.10.18"]
[EventRounds "11"]
[EventCountry "BRA"]

1. d4 e6 2. Nf3 Nf6 3. Nc3 c5 4. e4 cxd4 5. Nxd4 d6 6. g4 h6 7. Bg2 Nc6 8. h3
Nxd4 9. Qxd4 e5 10. Qd3 a6 11. O-O Be6 12. Nd5 Bxd5 13. exd5 Be7 14. c4 Nd7
 1/2-1/2

[Event "IX American Continental Classical Championship 201"]
[Site "Hotel Pipa AtlÃ¢ntico - Praia da Pipa - Rio Grande"]
[Date "2014.10.23"]
[Round "8"]
[Board "40"]
[White "De Vjunior, Liduino Furtado"]
[Black "Cavalcanti, Francisco De Assis"]
[Result "1/2-1/2"]
[WhiteElo "2106"]
[BlackElo "2186"]
[PlyCount "113"]
[EventDate "2014.10.18"]
[EventRounds "11"]
[EventCountry "BRA"]

1. e4 c5 2. Nf3 d6 3. Bc4 Nf6 4. Nc3 e6 5. d3 Be7 6. O-O O-O 7. e5 dxe5 8. Nxe5
Nbd7 9. Nf3 a6 10. a4 b6 11. Bf4 Bb7 12. Re1 Nh5 13. Bd2 Qc7 14. Ng5 Nf4 15.
Nge4 Nf6 16. Qf3 Ng6 17. Qh3 Nd5 18. Ne2 Rfe8 19. Rad1 Qc6 20. Bb3 b5 21. axb5
axb5 22. c4 Nb6 23. N2c3 bxc4 24. dxc4 Ba6 25. Bg5 Nxc4 26. Ba4 Qc8 27. Bxe8
Qxe8 28. Bxe7 Qxe7 29. b3 Nce5 30. Qe3 c4 31. bxc4 Bxc4 32. Qg5 Qxg5 33. Nxg5
h6 34. Nge4 Ra3 35. Ra1 Rb3 36. Reb1 Rxb1+ 37. Rxb1 Nf4 38. h3 g5 39. Rb8+ Kg7
40. Nd6 Bd3 41. Nce4 Bxe4 42. Nxe4 f5 43. Rb5 Neg6 44. Rb7+ Kf8 45. Nc5 Ne7 46.
g3 Ne2+ 47. Kf1 Nd4 48. Rd7 e5 49. Rd6 Kg7 50. Ne6+ Nxe6 51. Rxe6 Ng6 52. Ra6
h5 53. Ra7+ Kh6 54. Rf7 f4 55. Ke2 fxg3 56. fxg3 h4 57. Kf3 1/2-1/2

[Event "IX American Continental Classical Championship 201"]
[Site "Hotel Pipa AtlÃ¢ntico - Praia da Pipa - Rio Grande"]
[Date "2014.10.23"]
[Round "8"]
[Board "41"]
[White "Aliaga Fernandez, Ingrid Y"]
[Black "Lima, Alan Silva De"]
[Result "1-0"]
[WhiteElo "2181"]
[BlackElo "1904"]
[PlyCount "89"]
[EventDate "2014.10.18"]
[EventRounds "11"]
[EventCountry "BRA"]

1. e4 c5 2. Nf3 g6 3. c4 Bg7 4. d4 cxd4 5. Nxd4 d6 6. Nc3 Nf6 7. Be2 a6 8. Be3
Nbd7 9. O-O O-O 10. Rc1 Ne5 11. h3 Nc6 12. Qd2 Qa5 13. Rfd1 Rb8 14. f3 Nxd4 15.
Bxd4 Be6 16. Rc2 Rfe8 17. a3 Nd7 18. b4 Bxd4+ 19. Qxd4 Qg5 20. Qf2 f6 21. Nd5
Bf7 22. Rcd2 Nf8 23. a4 Ne6 24. f4 Qh6 25. a5 Nf8 26. Ne3 Rec8 27. f5 Rc7 28.
Ng4 Qg7 29. Ne3 Rbc8 30. Kh2 Be8 31. Nd5 Rxc4 32. Bxc4 Rxc4 33. Rd4 Rc8 34.
R1d2 Bc6 35. Rc2 Rd8 36. Rdc4 e6 37. fxe6 Nxe6 38. Qxf6 Re8 39. Qxg7+ Kxg7 40.
Rxc6 bxc6 41. Rxc6 Nd4 42. Rxa6 Rxe4 43. Rxd6 Nc2 44. a6 Rxb4 45. a7 1-0